000 00637nam a22002417a 4500
003 UA-OsUOA
001 29679
007 ta
008 20041025b un ||||| |||| 00| 0 ukr d
100 _aШаховський Семен Михайлович
090 _a82.09
_bШ32
942 _cBK
040 _aUA-OsUOA
_bukr
_cUA-OsUOA
_dUA-OsUOA
245 _aЛеся Українка
_bКритико-біографічний нарис
300 _a136 с.
_bІлюстрації
955 _a0
041 _aukr
080 _a82.09
260 _aКиїв
_bДніпро
_c1971
044 _aUA
650 7 _2UDC
999 _c316074
_d316074